000 00815nam a22002177a 4500
999 _c18208
_d18208
003 AR-CdUCM
008 190513b ||||| |||| 00| 0 spa d
040 _aMUNICIPALIDAD PROVINCIAL DEL CUSCO
_cBIBLIOTECA MUNICIPAL DEL CUSCO
082 _a371.27 /
_bG74
100 _aGoring, Paul A.
_938672
245 _aManual de mediciones y evaluación del rendimiento en los estudios /
260 _aBuenos Aires :
_bKapelusz,
_c1971.
300 _a204 páginas ;
_c23 cm.
440 _aBiblioteca de cultura pedagógica
_936606
505 _aContenido: ¿Por que evaluar? -- Cualidades de un buen examen -- ¿Qué debemos evaluar?...
650 _aMediciones y pruebas educativas
_911531
650 _aRendimiento académico
_922179
650 _aEvaluación
_99938
942 _2ddc
_cLIBROS
945 _adavv
_d2019-05-13